One Tour de France 2021 Rider by Country - Statistics

General Stats
  • This quiz has been taken 140 times
  • The average score is 20 of 27
Answer Stats
Country Rider % Correct
Great Britain Geraint Thomas | Chris Froome | Mark Cavendish | +7 others
96%
France Julian Alaphilippe | David Gaudu | Arnaud Démare | +30 others
96%
Colombia Miguel Ángel López | Rigoberto Urán | Nairo Quintana | +3 others
96%
Belgium Wout van Aert | Tim Merlier | Philippe Gilbert | +19 others
96%
Denmark Søren Kragh Andersen | Kasper Asgreen | Jakob Fuglsang | +8 others
93%
Australia Richie Porte | Caleb Ewan | Michael Matthews | +7 others
92%
Slovenia Tadej Pogačar | Primož Roglič | Matej Mohorič | +1 other
91%
Germany Emanuel Buchmann | Tony Martin | André Greipel | +9 others
89%
Netherlands Mathieu van der Poel | Robert Gesink | Steven Kruijswijk | +11 others
88%
Ecuador Richard Carapaz
88%
Spain Alejandro Valverde | Enric Mas | Pello Bilbao | +14 others
86%
Canada Michael Woods | Guillaume Boivin | Hugo Houle
82%
Italy Vincenzo Nibali | Sonny Colbrelli | Davide Formolo | +6 others
82%
Slovakia Peter Sagan
81%
Poland Rafał Majka | Michał Kwiatkowski
77%
Switzerland Marc Hirschi | Stefan Küng | Silvan Dillier | +3 others
73%
Kazakhstan Alexey Lutsenko | Dmitriy Gruzdev
72%
United States Sepp Kuss | Brandon McNulty | Sean Bennett | +1 other
68%
Portugal Rui Costa | Ruben Guerreiro
65%
Austria Patrick Konrad | Marco Haller | Michael Gogl | +1 other
64%
Ireland Dan Martin
62%
Norway Edvald Boasson Hagen | Vegard Stake Laengen | Amund Grøndahl Jansen
53%
South Africa Louis Meintjes | Stefan De Bod | Nic Dlamini
52%
Latvia Toms Skujiņš
52%
Lithuania Ignatas Konovalovas
31%
Israel Omer Goldstein
23%
Czechia Petr Vakoč
18%
No matching quizzes found
Score Distribution
Percent of People with Each Score
Percentile by Number Answered
Your Score History
You have not taken this quiz